[Event "GER-chT U16"]
[Site "Uelzen"]
[Date "2007.12.30"]
[Round "7.3"]
[White "Golosnyak, Alexander"]
[Black "Ma, Beini"]
[Result "0-1"]
[WhiteElo "1390"]
[BlackElo "1953"]
[PlyCount "72"]
[EventDate "2007.12.27"]
[EventType "team-swiss"]
[EventRounds "7"]
[EventCountry "GER"]
[SourceTitle "EXT 2022"]
[Source "ChessBase"]
[SourceDate "2021.10.06"]
[SourceVersion "1"]
[SourceVersionDate "2021.10.06"]
[SourceQuality "1"]
[WhiteTeam "Bochum SG U16"]
[BlackTeam "Hamburger SK U16"]
[WhiteTeamCountry "GER"]
[BlackTeamCountry "GER"]

1. e4 c5 2. Nf3 d6 3. d4 cxd4 4. Nxd4 Nf6 5. Nc3 a6 6. Bc4 e6 7. Be3 Be7 8. f3 b5 9. Bd3 e5 10. Nb3 Be6 11. Nd2 Nbd7 12. Ne2 d5 13. Ng3 Nc5 14. Bxc5 Bxc5 15. Qe2 Rc8 16. 0-0-0 Qa5 17. Kb1 dxe4 18. Ngxe4 Qxa2+ 19. Kc1 Nxe4 20. Nxe4 Qa1+ 21. Kd2 Qxb2 22. Ke1 0-0 23. Kf1 h6 24. Qd2 f5 25. Ng3 e4 26. Be2 Be7 27. Qd4 Qxd4 28. Rxd4 Rxc2 29. Nh5 g5 30. Ng3 Rd8 31. Rxd8+ Bxd8 32. Kf2 Bb6+ 33. Ke1 e3 34. Nf1 Rc1+ 35. Bd1 Bc4 36. Ng3 Ba5# 0-1

[Event "GER-chT U16"]
[Site "Uelzen"]
[Date "2007.12.29"]
[Round "6.3"]
[White "Ma, Beini"]
[Black "Kartsev, Alexandr"]
[Result "1/2-1/2"]
[WhiteElo "1953"]
[BlackElo "1989"]
[PlyCount "87"]
[EventDate "2007.12.27"]
[EventType "team-swiss"]
[EventRounds "7"]
[EventCountry "GER"]
[SourceTitle "EXT 2022"]
[Source "ChessBase"]
[SourceDate "2021.10.06"]
[SourceVersion "1"]
[SourceVersionDate "2021.10.06"]
[SourceQuality "1"]
[WhiteTeam "Hamburger SK U16"]
[BlackTeam "Brackel SF U16"]
[WhiteTeamCountry "GER"]
[BlackTeamCountry "GER"]

1. e4 d5 2. exd5 Nf6 3. d4 Nxd5 4. Nf3 Bg4 5. c4 Nb6 6. Nc3 e6 7. Be2 Nc6 8. Be3 Be7 9. 0-0 0-0 10. c5 Nd5 11. Nxd5 exd5 12. Rb1 Bf6 13. b4 Ne7 14. Ne5 Bxe2 15. Qxe2 Ng6 16. f4 Bxe5 17. dxe5 f6 18. exf6 Qxf6 19. Qd2 c6 20. Bd4 Qf7 21. g3 Qd7 22. Qb2 Rf7 23. Rbe1 Raf8 24. Re2 h5 25. Qc2 Qg4 26. Rg2 Qf5 27. Qxf5 Rxf5 28. Re1 R5f7 29. Rge2 h4 30. Re6 Kh7 31. Kf2 a6 32. Be5 Nxe5 33. R1xe5 hxg3+ 34. hxg3 g6 35. Rd6 Kg7 36. Rde6 Rf6 37. Re7+ R6f7 38. R7e6 Rf6 39. Re7+ R8f7 40. Re8 Rf8 41. R8e7+ R8f7 42. Ke3 Rxe7 43. Rxe7+ Rf7 44. Re8 1/2-1/2

[Event "GER-chT U16"]
[Site "Uelzen"]
[Date "2007.12.27"]
[Round "2.3"]
[White "Rempeli, Alexander"]
[Black "Ma, Beini"]
[Result "0-1"]
[WhiteElo "1706"]
[BlackElo "1953"]
[PlyCount "54"]
[EventDate "2007.12.27"]
[EventType "team-swiss"]
[EventRounds "7"]
[EventCountry "GER"]
[SourceTitle "EXT 2022"]
[Source "ChessBase"]
[SourceDate "2021.10.06"]
[SourceVersion "1"]
[SourceVersionDate "2021.10.06"]
[SourceQuality "1"]
[WhiteTeam "Deizisau U16"]
[BlackTeam "Hamburger SK U16"]
[WhiteTeamCountry "GER"]
[BlackTeamCountry "GER"]

1. d4 Nf6 2. c4 e6 3. Nc3 Bb4 4. e3 0-0 5. Bd3 c5 6. a3 Bxc3+ 7. bxc3 d5 8. Nf3 Nc6 9. 0-0 b6 10. Qc2 Ba6 11. Nd2 Rc8 12. Qa4 Na5 13. Rb1 cxd4 14. exd4 dxc4 15. Be2 Nd5 16. Qc2 Nb3 17. Ne4 Nxc1 18. Rfxc1 Bb7 19. Nd2 Qg5 20. Ne4 Qe7 21. Nd2 Nf4 22. Bf1 Nh3+ 23. Kh1 Qg5 24. f3 Nf2+ 25. Kg1 Qe3 26. Nxc4 Nh3+ 27. Kh1 Qg1# 0-1

[Event "Harburg-chD 5th"]
[Site "Hamburg"]
[Date "2007.07.08"]
[Round "5"]
[White "Ma, Beini"]
[Black "Lehmkuhl, Stefan"]
[Result "1/2-1/2"]
[WhiteElo "1994"]
[BlackElo "1998"]
[PlyCount "20"]
[EventDate "2007.07.06"]
[EventType "tourn"]
[EventRounds "5"]
[EventCountry "GER"]
[SourceTitle "EXT 2008"]
[Source "ChessBase"]
[SourceDate "2007.11.25"]
[SourceVersion "1"]
[SourceVersionDate "2007.11.25"]
[SourceQuality "1"]

1. e4 Nf6 2. e5 Nd5 3. d4 d6 4. c4 Nb6 5. exd6 cxd6 6. Nc3 g6 7. h3 Bg7 8. Nf3 0-0 9. Be3 Nc6 10. Qd2 e5 1/2-1/2

[Event "Harburg-chD 5th"]
[Site "Hamburg"]
[Date "2007.07.08"]
[Round "4"]
[White "Marx, Joschka"]
[Black "Ma, Beini"]
[Result "1-0"]
[WhiteElo "1873"]
[BlackElo "1994"]
[PlyCount "57"]
[EventDate "2007.07.06"]
[EventType "tourn"]
[EventRounds "5"]
[EventCountry "GER"]
[SourceTitle "EXT 2008"]
[Source "ChessBase"]
[SourceDate "2007.11.25"]
[SourceVersion "1"]
[SourceVersionDate "2007.11.25"]
[SourceQuality "1"]

1. e4 c5 2. Nf3 d6 3. d4 cxd4 4. Nxd4 Nf6 5. Nc3 a6 6. Be2 e5 7. Nb3 Be7 8. 0-0 0-0 9. Bg5 Nbd7 10. a4 b6 11. Nd2 Bb7 12. f3 d5 13. exd5 Nxd5 14. Bxe7 Qxe7 15. Nde4 Ne3 16. Qd2 Nxf1 17. Rxf1 Nc5 18. Qe3 Rac8 19. Kh1 Rfd8 20. Ng3 Qc7 21. Qg5 Ne6 22. Qh4 Nf4 23. Nf5 Nxe2 24. Nxe2 Rd7 25. Qg4 g6 26. Neg3 Rcd8 27. Qg5 Kf8 28. Qf6 gxf5 29. Nxf5 1-0

[Event "Harburg-chD 5th"]
[Site "Hamburg"]
[Date "2007.07.06"]
[Round "1"]
[White "Voigt, Detlev"]
[Black "Ma, Beini"]
[Result "0-1"]
[WhiteElo "1895"]
[BlackElo "1994"]
[PlyCount "32"]
[EventDate "2007.07.06"]
[EventType "tourn"]
[EventRounds "5"]
[EventCountry "GER"]
[SourceTitle "EXT 2008"]
[Source "ChessBase"]
[SourceDate "2007.11.25"]
[SourceVersion "1"]
[SourceVersionDate "2007.11.25"]
[SourceQuality "1"]

1. d4 Nf6 2. c4 e6 3. Nc3 Bb4 4. a3 Bxc3+ 5. bxc3 c5 6. e3 0-0 7. Bd3 Nc6 8. Nf3 d6 9. 0-0 b6 10. e4 Re8 11. e5 dxe5 12. dxe5 Nd7 13. Bxh7+ Kxh7 14. Ng5+ Kg8 15. Qh5 Ncxe5 16. Bf4 Nf6 0-1

[Event "GER-ch U14"]
[Site "Willingen"]
[Date "2007.05.29"]
[Round "6"]
[White "Hager, Joshua Aarash"]
[Black "Ma, Beini"]
[Result "1-0"]
[WhiteElo "2043"]
[BlackElo "2002"]
[PlyCount "77"]
[EventDate "2007.05.26"]
[EventType "swiss"]
[EventRounds "9"]
[EventCountry "GER"]
[SourceTitle "CBM 118 Extra"]
[Source "ChessBase"]
[SourceDate "2007.07.04"]
[SourceVersion "1"]
[SourceVersionDate "2007.07.04"]
[SourceQuality "1"]

1. d4 Nf6 2. c4 e6 3. Nf3 b6 4. g3 Ba6 5. Qc2 c5 6. d5 exd5 7. cxd5 Bb7 8. Bg2 Bxd5 9. Nc3 Bc6 10. e4 d6 11. Bf4 Nbd7 12. 0-0-0 Qc7 13. e5 Nxe5 14. Nxe5 Bxg2 15. Rhe1 0-0-0 16. Nb5 Qb7 17. Nc4 Ne4 18. Qe2 g5 19. f3 gxf4 20. Qxg2 Qa6 21. Nca3 Nf6 22. Qh3+ Kb8 23. Qf5 Ne8 24. Qxf4 Qb7 25. Nc4 Qc6 26. Nc3 f6 27. Kb1 h5 28. Nd5 Bh6 29. Qf5 Qc8 30. Qe4 f5 31. Qd3 b5 32. Na5 c4 33. Qc3 Bg7 34. Qb4 a6 35. Ne7 Qd7 36. Nec6+ Kc8 37. Re7 Qxe7 38. Nxe7+ Kd7 39. Nxf5 1-0

[Event "Hamburg HSK Elo op 5th"]
[Site "Hamburg"]
[Date "2007.04.29"]
[Round "3.7"]
[White "Keuchen, Michael"]
[Black "Ma, Beini"]
[Result "1/2-1/2"]
[WhiteElo "2144"]
[BlackElo "2009"]
[PlyCount "75"]
[EventDate "2007.04.28"]
[EventType "swiss"]
[EventRounds "7"]
[EventCountry "GER"]
[SourceTitle "EXT 2009"]
[Source "ChessBase"]
[SourceDate "2008.11.26"]
[SourceVersion "1"]
[SourceVersionDate "2008.11.26"]
[SourceQuality "1"]

1. d4 Nf6 2. Bg5 Ne4 3. Bf4 c5 4. f3 Nf6 5. d5 g6 6. e4 Bg7 7. c3 0-0 8. d6 Nc6 9. dxe7 Nxe7 10. Bd6 Re8 11. Be2 Qb6 12. Qd2 Bh6 13. Qxh6 Qxb2 14. Qd2 Qxa1 15. Qc2 Ned5 16. exd5 Nxd5 17. Kf2 Ne3 18. Qc1 Qxa2 19. Nd2 Qd5 20. Ne4 Ng4+ 21. fxg4 Qxe4 22. Bf3 Qc4 23. Ne2 a5 24. Qg5 Ra6 25. Rd1 a4 26. Ng3 Qa2+ 27. Rd2 Qb1 28. Ne4 Rxd6 29. Rxd6 Rxe4 30. Bxe4 Qxe4 31. Qxc5 Kg7 32. Rd4 Qc2+ 33. Kf3 Qb3 34. Qe5+ Kg8 35. Rd2 a3 36. Qe8+ Kg7 37. Qe5+ Kg8 38. Qe8+ 1/2-1/2

[Event "GER North-chT U16"]
[Site "Magdeburg"]
[Date "2006.08.26"]
[Round "1.2"]
[White "Sanning, Nico"]
[Black "Ma, Beini"]
[Result "0-1"]
[WhiteElo "1721"]
[BlackElo "1798"]
[PlyCount "154"]
[EventDate "2006.08.26"]
[EventType "team"]
[EventRounds "7"]
[EventCountry "GER"]
[SourceTitle "EXT 2007"]
[Source "ChessBase"]
[SourceDate "2006.11.23"]
[SourceVersion "1"]
[SourceVersionDate "2006.11.23"]
[SourceQuality "1"]

1. e4 c5 2. Nc3 a6 3. f4 Nc6 4. a4 g6 5. Bc4 Bg7 6. Nf3 e6 7. 0-0 Nge7 8. Qe1 0-0 9. d3 d5 10. Ba2 Nb4 11. Bb3 c4 12. dxc4 dxc4 13. Bxc4 Nxc2 14. Qh4 Nxa1 15. f5 Nxf5 16. Qxd8 Rxd8 17. exf5 Bd7 18. Bg5 Rdc8 19. fxe6 fxe6 20. Ba2 Nc2 21. Rd1 Nb4 22. Rxd7 Nxa2 23. Nxa2 b5 24. b3 bxa4 25. bxa4 Rab8 26. Rd2 Rc4 27. a5 e5 28. Be3 Ra4 29. Bb6 e4 30. Ng5 Re8 31. Re2 h6 32. Nh3 e3 33. Kf1 Bd4 34. g3 g5 35. Ng1 Re6 36. Bxd4 Rxd4 37. Nf3 Rd5 38. Nb4 Rxa5 39. Nc2 Rf6 40. Kg2 Ra2 41. Nfd4 a5 42. Rxe3 Rc6 43. Nxc6 Rxc2+ 44. Kf3 Rxc6 45. Ra3 Ra6 46. Ra4 Kf7 47. Ke4 Ke6 48. h3 Kd6 49. Kd4 Kc6 50. Kc4 Ra7 51. h4 gxh4 52. gxh4 h5 53. Ra1 Ra8 54. Rg1 Rf8 55. Rg6+ Kd7 56. Kb5 Rf5+ 57. Ka4 Ke7 58. Ra6 Rf4+ 59. Kb3 Rb4+ 60. Kc3 Rb5 61. Rh6 a4 62. Ra6 Rb3+ 63. Kc2 Rb4 64. Rh6 Rxh4 65. Kb2 Kf7 66. Ka3 Kg7 67. Rc6 Rf4 68. Rd6 h4 69. Rc6 h3 70. Rc3 Rh4 71. Rc1 h2 72. Rh1 Kg6 73. Kb2 Kg5 74. Kc2 Kg4 75. Kd2 Kg3 76. Ke2 Kg2 77. Rc1 Re4+ 0-1

[Event "Harburg-chC 4th"]
[Site "Hamburg"]
[Date "2006.08.13"]
[Round "4"]
[White "Ma, Beini"]
[Black "Kemeny, Matthias"]
[Result "1/2-1/2"]
[WhiteElo "1985"]
[BlackElo "2011"]
[PlyCount "131"]
[EventDate "2006.08.??"]
[EventType "tourn"]
[EventRounds "5"]
[EventCountry "GER"]
[SourceTitle "EXT 2008"]
[Source "ChessBase"]
[SourceDate "2007.11.25"]
[SourceVersion "1"]
[SourceVersionDate "2007.11.25"]
[SourceQuality "1"]

1. e4 c6 2. Nf3 d5 3. exd5 cxd5 4. Ne5 Nc6 5. d4 Nxe5 6. dxe5 e6 7. Be3 Ne7 8. Bd3 Nc6 9. f4 Nb4 10. Be2 Be7 11. c3 Nc6 12. 0-0 0-0 13. Bd3 Bd7 14. Qh5 g6 15. Qh6 Re8 16. Nd2 Bf8 17. Qh3 Bg7 18. Nf3 f6 19. b4 fxe5 20. b5 e4 21. bxc6 bxc6 22. Ng5 h6 23. Nxe4 dxe4 24. Bxe4 e5 25. Qg3 Qf6 26. Bxg6 Re7 27. Bc5 exf4 28. Rxf4 Qxc3 29. Qxc3 Bxc3 30. Raf1 Re1 31. Rxe1 Bxe1 32. Rf7 Rd8 33. Be7 Be6 34. Rf1 Rd7 35. Bc5 Ba5 36. Be8 Rd8 37. Bg6 Bb6 38. Bxb6 axb6 39. Be4 Bc4 40. Rc1 Rd4 41. Bxc6 Bxa2 42. Ra1 Bc4 43. Rb1 b5 44. Bxb5 Bxb5 45. Rxb5 Rd2 46. Rb7 Ra2 47. h3 Rc2 48. Kh2 Ra2 49. Kg3 Rc2 50. Kf3 Ra2 51. g3 Ra3+ 52. Kg4 Rc3 53. h4 Ra3 54. Kf4 Rc3 55. Re7 Ra3 56. g4 Ra5 57. Re5 Ra1 58. Kf5 Kf7 59. Rc5 Rf1+ 60. Ke5 Re1+ 61. Kd6 Re4 62. Rf5+ Kg6 63. h5+ Kg7 64. g5 hxg5 65. Rxg5+ Kh6 66. Re5 1/2-1/2

[Event "Harburg-chC 4th"]
[Site "Hamburg"]
[Date "2006.08.12"]
[Round "2"]
[White "Ma, Beini"]
[Black "Joehnk, Christian"]
[Result "1/2-1/2"]
[WhiteElo "1985"]
[BlackElo "2031"]
[PlyCount "56"]
[EventDate "2006.08.??"]
[EventType "tourn"]
[EventRounds "5"]
[EventCountry "GER"]
[SourceTitle "EXT 2008"]
[Source "ChessBase"]
[SourceDate "2007.11.25"]
[SourceVersion "1"]
[SourceVersionDate "2007.11.25"]
[SourceQuality "1"]

1. e4 e5 2. Nf3 Nf6 3. Nxe5 Nxe4 4. Qe2 Qe7 5. Qxe4 d6 6. d4 dxe5 7. dxe5 Nc6 8. Bb5 Bd7 9. 0-0 0-0-0 10. Be3 Nxe5 11. Bxd7+ Nxd7 12. Qf4 Qe5 13. Qxf7 Bd6 14. g3 Qxb2 15. Nd2 Rhf8 16. Qb3 Qxb3 17. axb3 a6 18. Nc4 Bc5 19. Rfd1 Bxe3 20. Nxe3 Ne5 21. Kg2 Rf7 22. Rxd8+ Kxd8 23. Rd1+ Rd7 24. Rxd7+ Kxd7 25. f4 Nc6 26. Kf3 Ke6 27. Ke4 Ne7 28. g4 g6 1/2-1/2

[Event "Berlin op 07"]
[Site "Berlin"]
[Date "2006.07.15"]
[Round "8"]
[White "Ma, Beini"]
[Black "Albinus, Guenter"]
[Result "1/2-1/2"]
[WhiteElo "1985"]
[BlackElo "2093"]
[PlyCount "53"]
[EventDate "2006.07.08"]
[EventType "swiss"]
[EventRounds "9"]
[EventCountry "GER"]
[SourceTitle "CBM 113 Extra"]
[Source "ChessBase"]
[SourceDate "2006.09.14"]
[SourceVersion "1"]
[SourceVersionDate "2006.09.14"]
[SourceQuality "1"]

1. e4 e5 2. Nf3 Nc6 3. Bb5 a6 4. Ba4 Nf6 5. 0-0 Be7 6. Re1 b5 7. Bb3 0-0 8. c3 d6 9. h3 Na5 10. Bc2 c5 11. d4 Qc7 12. Nbd2 Bd7 13. Nf1 Rfc8 14. Ne3 Bf8 15. g4 Ra7 16. Re2 Re8 17. Nf5 Nc6 18. d5 Ne7 19. Bg5 Nxf5 20. gxf5 Nh5 21. Kh2 Be7 22. Qg1 Qd8 23. Be3 Ra8 24. Qd1 Bf6 25. Re1 g6 26. Rg1 Ng7 27. fxg6 1/2-1/2

[Event "Berlin op 07"]
[Site "Berlin"]
[Date "2006.07.14"]
[Round "7"]
[White "Jaeger, Andre"]
[Black "Ma, Beini"]
[Result "1-0"]
[WhiteElo "2120"]
[BlackElo "1985"]
[PlyCount "71"]
[EventDate "2006.07.08"]
[EventType "swiss"]
[EventRounds "9"]
[EventCountry "GER"]
[SourceTitle "CBM 113 Extra"]
[Source "ChessBase"]
[SourceDate "2006.09.14"]
[SourceVersion "1"]
[SourceVersionDate "2006.09.14"]
[SourceQuality "1"]

1. d4 Nf6 2. c4 e6 3. Nc3 Bb4 4. Nf3 b6 5. Qb3 c5 6. a3 Bxc3+ 7. Qxc3 Ne4 8. Qc2 Bb7 9. e3 0-0 10. Bd3 f5 11. 0-0 g5 12. Nd2 d5 13. f3 Nxd2 14. Bxd2 cxd4 15. e4 dxe4 16. fxe4 f4 17. e5 Qc7 18. Bb4 Rf7 19. Bd6 Qc6 20. Rae1 Nd7 21. Be4 Qc8 22. b4 Nb8 23. Rf2 Bxe4 24. Qxe4 Nc6 25. g3 Qe8 26. gxf4 Rxf4 27. Rxf4 gxf4 28. Kh1 Kh8 29. Rg1 a5 30. Qxf4 Qd8 31. b5 Nb8 32. Qh6 Ra7 33. Bxb8 Rf7 34. Qxe6 Rf2 35. Qg4 Qf8 36. e6 1-0

[Event "Berlin op 07"]
[Site "Berlin"]
[Date "2006.07.11"]
[Round "4"]
[White "Ma, Beini"]
[Black "Cusnariov, Nikolai"]
[Result "1-0"]
[WhiteElo "1985"]
[BlackElo "2147"]
[PlyCount "61"]
[EventDate "2006.07.08"]
[EventType "swiss"]
[EventRounds "9"]
[EventCountry "GER"]
[SourceTitle "CBM 113 Extra"]
[Source "ChessBase"]
[SourceDate "2006.09.14"]
[SourceVersion "1"]
[SourceVersionDate "2006.09.14"]
[SourceQuality "1"]

1. e4 c5 2. Nf3 d6 3. d4 cxd4 4. Nxd4 Nf6 5. Nc3 a6 6. Bg5 e6 7. f4 Qb6 8. Qd2 Qxb2 9. Nb3 Qa3 10. Bxf6 gxf6 11. Be2 Nc6 12. 0-0 Qb4 13. Qe3 Qa3 14. Nd5 exd5 15. exd5+ Ne7 16. Bh5 Qb4 17. Rfe1 Bf5 18. Rab1 0-0-0 19. Nd4 Qc5 20. Nxf5 Nxf5 21. Bg4 Qxd5 22. Qh3 Qxa2 23. Bxf5+ Kb8 24. Qc3 d5 25. Rb3 Qa4 26. Reb1 b5 27. Qc6 Qd4+ 28. Kh1 b4 29. c3 Qc4 30. Qb6+ Ka8 31. Qxd8+ 1-0

[Event "GER-ch U12"]
[Site "Willingen"]
[Date "2006.06.09"]
[Round "9"]
[White "Kusmierek, Kasper Jan"]
[Black "Ma, Beini"]
[Result "0-1"]
[WhiteElo "1475"]
[BlackElo "1960"]
[PlyCount "104"]
[EventDate "2006.06.03"]
[EventType "swiss"]
[EventRounds "11"]
[EventCountry "GER"]
[SourceTitle "EXT 2007"]
[Source "ChessBase"]
[SourceDate "2006.11.23"]
[SourceVersion "1"]
[SourceVersionDate "2006.11.23"]
[SourceQuality "1"]

1. e4 c5 2. c3 d5 3. exd5 Qxd5 4. d4 Nf6 5. Nf3 Bg4 6. Be2 e6 7. 0-0 Nc6 8. Be3 cxd4 9. cxd4 Be7 10. Nc3 Qd6 11. h3 Bh5 12. Qb3 0-0 13. Rfd1 Rfd8 14. d5 Nxd5 15. Nxd5 exd5 16. Rd2 Bf6 17. Rad1 Ne7 18. Bc4 Bxf3 19. gxf3 Qe6 20. Bxd5 Nxd5 21. Rxd5 Rxd5 22. Rxd5 b6 23. Kg2 Bxb2 24. Qd3 Qg6+ 25. Qxg6 hxg6 26. Rd7 Kf8 27. a4 f5 28. Kg3 Bf6 29. Bd4 Bxd4 30. Rxd4 Ke7 31. Kf4 Rh8 32. Kg3 Rc8 33. Rb4 Rc2 34. Rd4 Rb2 35. h4 a6 36. Rc4 Kd7 37. Kg2 b5 38. axb5 axb5 39. Rc1 b4 40. Kf1 b3 41. Ke1 Ke6 42. f4 Rc2 43. Rxc2 bxc2 44. Kd2 Kd5 45. Kxc2 Ke4 46. Kd2 Kxf4 47. Ke2 Kg4 48. Ke3 Kxh4 49. Kf4 Kh3 50. Kg5 Kg2 51. Kxg6 f4 52. Kg5 f3 0-1

[Event "GER-ch U12"]
[Site "Willingen"]
[Date "2006.06.05"]
[Round "4"]
[White "Ma, Beini"]
[Black "Neumair, Jerome"]
[Result "0-1"]
[WhiteElo "1960"]
[BlackElo "1596"]
[PlyCount "76"]
[EventDate "2006.06.03"]
[EventType "swiss"]
[EventRounds "11"]
[EventCountry "GER"]
[SourceTitle "EXT 2007"]
[Source "ChessBase"]
[SourceDate "2006.11.23"]
[SourceVersion "1"]
[SourceVersionDate "2006.11.23"]
[SourceQuality "1"]

1. e4 e6 2. d4 d5 3. Nc3 Nf6 4. e5 Nfd7 5. f4 c5 6. Nf3 Nc6 7. Ne2 Qb6 8. c3 Be7 9. a3 a5 10. g4 a4 11. Bh3 h5 12. f5 hxg4 13. Bxg4 exf5 14. Bxf5 Ndxe5 15. dxe5 Bxf5 16. Qxd5 Rd8 17. Qc4 Be6 18. Qf4 Bd5 19. Rg1 Bxf3 20. Qxf3 Nxe5 21. Qe4 Nd3+ 22. Kf1 Qf6+ 23. Bf4 b5 24. Rg3 Nxf4 25. Nxf4 g5 26. Rg4 gxf4 27. Re1 Qd6 28. Kg1 f3 29. h4 Qf6 30. Rf4 Qg6+ 31. Kf2 Qg2+ 32. Ke3 f2 33. Rxf2 Qxe4+ 34. Kxe4 Rxh4+ 35. Kf3 Kf8 36. Rfe2 Rd3+ 37. Kg2 Rg4+ 38. Kh1 Rd6 0-1

[Event "Bad Zwesten op 10th"]
[Site "Bad Zwesten"]
[Date "2006.01.03"]
[Round "3"]
[White "Ma, Beini"]
[Black "Haase, Reinhard"]
[Result "0-1"]
[WhiteElo "1863"]
[BlackElo "2169"]
[PlyCount "54"]
[EventDate "2006.01.02"]
[EventType "swiss"]
[EventRounds "9"]
[EventCountry "GER"]
[SourceTitle "CBM 110 Extra"]
[Source "ChessBase"]
[SourceDate "2006.03.10"]
[SourceVersion "2"]
[SourceVersionDate "2006.03.10"]
[SourceQuality "1"]

1. e4 d5 2. exd5 Nf6 3. d4 Nxd5 4. c4 Nb6 5. Nc3 e5 6. dxe5 Qxd1+ 7. Nxd1 Nc6 8. Nf3 Bg4 9. Be2 0-0-0 10. Bg5 Re8 11. Ne3 Nxe5 12. Nxe5 Bb4+ 13. Kf1 Bxe2+ 14. Kxe2 Rxe5 15. Bf4 Re6 16. a3 Bc5 17. Rac1 Rd8 18. b4 Be7 19. Kf3 Rd3 20. c5 Nd5 21. Rhd1 Nxf4 22. Kxf4 Rxa3 23. Nc4 Rb3 24. Rd4 Bf6 25. Nd6+ cxd6 26. cxd6+ Kd8 27. Rdc4 Be5+ 0-1

[Event "Hamburg Junge op"]
[Site "Hamburg"]
[Date "2005.10.07"]
[Round "5"]
[White "Kemeny, Matthias"]
[Black "Ma, Beini"]
[Result "1-0"]
[WhiteElo "2041"]
[BlackElo "1863"]
[PlyCount "63"]
[EventDate "2005.10.01"]
[EventType "swiss"]
[EventRounds "9"]
[EventCountry "GER"]
[SourceTitle "CBM 108 Extra"]
[Source "ChessBase"]
[SourceDate "2005.11.04"]
[SourceVersion "1"]
[SourceVersionDate "2005.11.04"]
[SourceQuality "1"]

1. e4 c5 2. Nf3 d6 3. d4 cxd4 4. Nxd4 Nf6 5. Nc3 a6 6. Be3 e5 7. Nf3 b5 8. a3 Bb7 9. Bd3 Be7 10. 0-0 0-0 11. Qe2 Nbd7 12. Rfd1 Rc8 13. Nd2 d5 14. Nxd5 Nxd5 15. exd5 Bxd5 16. c3 f5 17. f3 Nc5 18. Bc2 Qc7 19. Rac1 Ne6 20. a4 Bc5 21. Kh1 Nf4 22. Bxf4 exf4 23. c4 bxc4 24. Nxc4 Rfe8 25. Qf1 Qf7 26. Bb3 Be3 27. Nd6 Bxb3 28. Nxf7 Bxd1 29. Rxd1 Kxf7 30. Qd3 Red8 31. Qxd8 Rxd8 32. Rxd8 1-0

[Event "Hamburg Junge op"]
[Site "Hamburg"]
[Date "2005.10.06"]
[Round "6"]
[White "Ma, Beini"]
[Black "Bracker, Frank"]
[Result "1-0"]
[WhiteElo "1863"]
[BlackElo "2064"]
[PlyCount "78"]
[EventDate "2005.10.01"]
[EventType "swiss"]
[EventRounds "9"]
[EventCountry "GER"]
[SourceTitle "CBM 108 Extra"]
[Source "ChessBase"]
[SourceDate "2005.11.04"]
[SourceVersion "1"]
[SourceVersionDate "2005.11.04"]
[SourceQuality "1"]

1. e4 c5 2. Nc3 d6 3. Nf3 Nf6 4. d4 cxd4 5. Nxd4 a6 6. f4 e6 7. Qf3 Qb6 8. a3 Nc6 9. Nxc6 bxc6 10. b3 Be7 11. Bb2 d5 12. 0-0-0 Bb7 13. exd5 cxd5 14. Qg3 0-0 15. Bd3 Rfc8 16. Qh3 Bc6 17. g4 Ne4 18. Rhe1 Qc7 19. Ne2 a5 20. g5 Bd6 21. Rf1 Qe7 22. a4 Ba3 23. Nd4 Bxb2+ 24. Kxb2 Rab8 25. Nxc6 Rxc6 26. Bxe4 dxe4 27. Qe3 Qb4 28. Rd4 Qc5 29. Qxe4 Qc3+ 30. Kc1 Qa1+ 31. Kd2 Qxf1 32. Qxc6 Qf2+ 33. Kc3 Qe3+ 34. Rd3 Qxf4 35. Qd6 Rc8+ 36. Kb2 Qxg5 37. Qd7 Qf6+ 38. Kb1 Qf1+ 39. Rd1 Qa6 1-0

[Event "Hamburg Junge op"]
[Site "Hamburg"]
[Date "2005.10.02"]
[Round "2"]
[White "Ma, Beini"]
[Black "Gottuk, Stefan"]
[Result "0-1"]
[WhiteElo "1863"]
[BlackElo "2280"]
[PlyCount "74"]
[EventDate "2005.10.01"]
[EventType "swiss"]
[EventRounds "9"]
[EventCountry "GER"]
[SourceTitle "CBM 108 Extra"]
[Source "ChessBase"]
[SourceDate "2005.11.04"]
[SourceVersion "1"]
[SourceVersionDate "2005.11.04"]
[SourceQuality "1"]

1. e4 Nc6 2. Nf3 e6 3. d4 d5 4. e5 f6 5. Bb5 Bd7 6. Nc3 Qe7 7. Qe2 0-0-0 8. Bd2 Qf7 9. 0-0-0 Nge7 10. exf6 gxf6 11. Rhe1 Re8 12. Bf4 Ng6 13. Bg3 Bd6 14. Bxd6 cxd6 15. Bxc6 Bxc6 16. Nb5 Bxb5 17. Qxb5 Qd7 18. Qa5 Kb8 19. Rd3 Rc8 20. Ra3 b6 21. Qd2 Rc4 22. Rc3 Rhc8 23. Rxc4 Rxc4 24. h4 e5 25. dxe5 dxe5 26. h5 Nf4 27. g3 Ne6 28. b3 Rc7 29. Rd1 Qc6 30. Ne1 d4 31. Qh6 Nc5 32. Qf8+ Kb7 33. Kb1 Ne4 34. Rd3 Nxf2 35. Rd2 Ne4 36. Rd3 Nc3+ 37. Kb2 Qh1 0-1

[Event "Hamburg Weisse Dame op 11th"]
[Site "Hamburg"]
[Date "2005.09.18"]
[Round "5.3"]
[White "Albers, Andreas"]
[Black "Ma, Beini"]
[Result "1-0"]
[WhiteElo "1845"]
[BlackElo "1829"]
[PlyCount "51"]
[EventDate "2005.09.17"]
[EventType "swiss"]
[EventRounds "5"]
[EventCountry "GER"]
[SourceTitle "EXT 2006"]
[Source "ChessBase"]
[SourceDate "2005.11.24"]
[SourceVersion "1"]
[SourceVersionDate "2005.11.24"]
[SourceQuality "1"]

1. d4 Nf6 2. c4 e6 3. Nc3 Bb4 4. e3 c5 5. Nge2 0-0 6. a3 Bxc3+ 7. Nxc3 cxd4 8. exd4 h6 9. Be2 d5 10. 0-0 Nc6 11. Be3 b6 12. cxd5 Nxd5 13. Nxd5 Qxd5 14. Bf3 Qd6 15. b4 Bb7 16. b5 Na5 17. Bxb7 Nxb7 18. Qf3 Na5 19. Rfd1 Rfd8 20. Bf4 Qd5 21. Qg3 Kh8 22. Rab1 Rac8 23. Qh4 Qf5 24. Rbc1 Rxc1 25. Qxd8+ Kh7 26. Bxc1 1-0

[Event "Harburg-chF 3rd"]
[Site "Hamburg"]
[Date "2005.06.26"]
[Round "5"]
[White "Ma, Beini"]
[Black "Diz Suarez, Carlos"]
[Result "1-0"]
[WhiteElo "1681"]
[BlackElo "1676"]
[PlyCount "53"]
[EventDate "2005.06.??"]
[EventType "tourn"]
[EventRounds "5"]
[EventCountry "GER"]
[SourceTitle "EXT 2006"]
[Source "ChessBase"]
[SourceDate "2005.11.24"]
[SourceVersion "1"]
[SourceVersionDate "2005.11.24"]
[SourceQuality "1"]

1. e4 e5 2. Nf3 Nc6 3. d4 exd4 4. c3 dxc3 5. Bc4 Nf6 6. 0-0 d6 7. e5 dxe5 8. Qb3 Qe7 9. Ng5 Nd8 10. bxc3 h6 11. Ba3 c5 12. Nf3 Nc6 13. Re1 Nd7 14. Nbd2 g5 15. Rad1 g4 16. Ne4 Rh7 17. Bxf7+ Rxf7 18. Nd6+ Qxd6 19. Rxd6 Bxd6 20. Nd2 Nf6 21. Nc4 Be7 22. Nxe5 Nxe5 23. Rxe5 Nd7 24. Re1 Kf8 25. Bc1 Bg5 26. Bxg5 hxg5 27. Qd5 1-0